Xây dựng miền làm việc cho phép của đường dây truyền tải điện năng
Tổng quan về các chế độ làm việc của hệ thống điện và khả năng tải của đường dây truyền tải điện năng; Các phương pháp nghiên cứu ổn định tĩnh trong hệ thống điện; Nghiên cứu các vấn đề của đường dây truyền tải điện đi xa; Tính toán, xây dựng chương trình vẽ miền làm việc cho phép của đường dây truy...
Na minha lista:
| Autor principal: | |
|---|---|
| Outros Autores: | |
| Formato: | Livro |
| Idioma: | Vietnamese |
| Publicado em: |
Đà Nẵng :
Đại học Đà Nẵng,
2004.
|
| Assuntos: | |
| Tags: |
Adicionar Tag
Sem tags, seja o primeiro a adicionar uma tag!
|
| Thư viện lưu trữ: | Mạng thư viện Đại học Đà Nẵng |
|---|
| LEADER | 01775cam a2200373 a 4500 | ||
|---|---|---|---|
| 001 | 000044176 | ||
| 003 | 2432 | ||
| 005 | 20060208152950.0 | ||
| 008 | 010217b2004 vm 000 vie | ||
| 040 | |a LRC |c LRC |d LRC | ||
| 041 | 0 | |a vie | |
| 082 | 1 | 4 | |a 621.319 |b NG-N |
| 100 | 1 | |a Nguyễn Minh Ngọc. | |
| 245 | 1 | 0 | |a Xây dựng miền làm việc cho phép của đường dây truyền tải điện năng |h [Thesis - Luận văn] / |c Nguyễn Minh Ngọc ; Ngô Văn Dưỡng hướng dẫn. |
| 260 | |a Đà Nẵng : |b Đại học Đà Nẵng, |c 2004. | ||
| 300 | |a 140 tr. : |b mh. ; |c 29cm. | ||
| 520 | 3 | |a Tổng quan về các chế độ làm việc của hệ thống điện và khả năng tải của đường dây truyền tải điện năng; Các phương pháp nghiên cứu ổn định tĩnh trong hệ thống điện; Nghiên cứu các vấn đề của đường dây truyền tải điện đi xa; Tính toán, xây dựng chương trình vẽ miền làm việc cho phép của đường dây truyền tải điện năng | |
| 630 | 0 | 4 | |a Điện. |
| 650 | 0 | 4 | |a Điện |x Hệ thống. |
| 650 | 0 | 4 | |a Điện |x Truyền tải điện. |
| 700 | 1 | |a Ngô Văn Dưỡng, |c TS., |e hướng dẫn. | |
| OWN | |a DUT | ||
| AVA | |a UDN50 |b DUT |c Internal Resources |d 621.319 NG-N |e available |t Error 5001 Not defined in file expand_doc_bib_avail. |f 1 |g 0 |h N |i 0 |j NS |k 1 | ||
| 999 | |a From the UDN01 | ||
| AVA | |a UDN50 |b DUT |c Internal Resources |d 621.319 NG-N |e available |t Error 5001 Not defined in file expand_doc_bib_avail. |f 1 |g 0 |h N |i 0 |j NS |k 1 | ||
| TYP | |a Mixed Materials | ||
| TYP | |a Monograph | ||
| TYP | |a Printed language | ||
| 980 | |a Mạng thư viện Đại học Đà Nẵng | ||